| 000 | 00459nam a22001817a 4500 | ||
|---|---|---|---|
| 003 | MPLRDC | ||
| 005 | 20220104124250.0 | ||
| 008 | 210129b ||||| |||| 00| 0 eng d | ||
| 020 | _a7-5313-0139-5 | ||
| 082 | _a873.57 NUL | ||
| 100 | _a艾. 默多克 | ||
| 245 |
_a意大利女郎 _c荣毅、杨月译 |
||
| 250 | _a一版一刷 | ||
| 260 |
_a _b春风文艺出版社 _c1988 |
||
| 300 | _b平 | ||
| 650 | _a英国现代小说 | ||
| 942 |
_cBK _o873.57 NUL |
||
| 999 |
_c17964 _d17954 |
||